| 000 -LEADER |
| fixed length control field |
01527nam a22001457a 4500 |
| 008 - FIXED-LENGTH DATA ELEMENTS--GENERAL INFORMATION |
| fixed length control field |
211230b ||||| |||| 00| 0 eng d |
| 100 ## - MAIN ENTRY--PERSONAL NAME |
| Personal name |
Sen, Sbameek |
| 245 ## - TITLE STATEMENT |
| Title |
Clearing the decks for the uniform civil code? An evolutionary analysis of the Supreme Court’s engagement with religious freedoms |
| 260 ## - PUBLICATION, DISTRIBUTION, ETC. (IMPRINT) |
| Place of publication, distribution, etc |
Journal of The Indian Law Institute |
| 300 ## - PHYSICAL DESCRIPTION |
| Extent |
62(3), Jul-Sep, 2020: p.327-341 |
| 520 ## - SUMMARY, ETC. |
| Summary, etc |
This paper deals with the fast-evolving contours of the religious freedoms of individuals and denominations, and seeks to highlight how the courts have, especially in recent times, clearly indicated their intent of prioritising the values of human dignity and non-discrimination over pedantic religious norms that were hitherto sought to be immunised. In doing so, the paper looks at the evolution of the essential religious practice doctrine, the systematically shrinking space for denominational autonomies and the move towards subjection of personal laws to a Part III scrutiny. All of these phenomena, it is argued, can prove to be instrumental in the ultimate fructification of the long-cherished constitutional goal towards having a uniform code, subject to the condition that such Code has to be carefully drafted, having due regards to the specificities of different religions and our pluralistic traditions, and should not become a tool of brute homogenisation by majoritarian interests. – Reproduced
|
| 773 ## - HOST ITEM ENTRY |
| Main entry heading |
Journal of The Indian Law Institute |
| 906 ## - LOCAL DATA ELEMENT F, LDF (RLIN) |
| Subject DIP |
RELIGION |
| 942 ## - ADDED ENTRY ELEMENTS (KOHA) |
| Item type |
Articles |